Učíme na hodinách čítania len čítať?

Bibliographic Details
Main Author: Götzová, Alena (Author)
Format: Article
Language:Slovak
ISBN:808068362X
Subjects:

MARC

LEADER 00000nab a2200000 ar4500
001 vtls008640215
003 SK-MaSNL
005 20260303072414.0
008 060329c2005 xo |||| ||| 000 b|slo
015 |a SNBRA2006/03  |2 snkbucl 
038 |a SNKBUCL 
040 |a SNKBUCL  |b slo  |c SNKBUCL  |e AACR2 
041 0 |a slo 
044 |a xo  |c SK 
080 |a 372.41  |2 1997 
080 |a 371.32  |2 1997 
100 1 |a Götzová, Alena  |4 aut  |9 1072629 
245 1 0 |a Učíme na hodinách čítania len čítať?  |c Alena Götzová 
504 |a Bibliogr. odkazy 
650 0 7 |a čítanie  |x základné školy (1. stupeň)  |x vyučovacia hodina  |2 snkbucl  |9 1072630 
650 0 7 |a vyučovacia hodina  |2 snkbucl  |9 71298 
773 0 |t Slovo o slove : zborník Katedry komunikačnej a literárnej výchovy Pedagogickej fakulty Prešovskej univerzity. Ročník 11  |d Prešov : Prešovská univerzita, 2005  |g S. 211-213  |z 808068362X 
852 |a SNK  |b KIS3GCP 
958 |a NB 
999 |c 1763306  |d 1765236